000 00318nam a2200109Ia 4500
008 210107s9999 xx 000 0 und d
100 _aMCA
245 0 _aMerchant Shipping Notices, Marine guidance notes and Marine information notes cosolidated to jan,1999
260 _aLondon
_bHMSO
490 _vVol.III
942 _cBK
999 _c10474
_d10474